000 00861 a2200157 4500
003 Nust
005 20230320112954.0
040 _cNust
082 _a624,BUI
245 _aBuilding Repairs /
_cR. Greenhalgh
260 _aLondon
_bOdhams press
_c1945
300 _a384p
505 _aWall Building and Repairs (Page-1), Roof Work (Page-36), Floor Construction and Repair (Page-66), Joinery Repair Work (Page-91), Fastening (Page-138), Plumbing and Glazing (Page-154), Flues and Fires (Page-183), Drainage (Page-198), Gas and Electricity (Page-211), Painting and Decorating (Page-238), Fences, Gates and Railings (Page-260), Concrete Work (Page-269), Specifications and Costing (Page-279), Plant, Equipment an Stock (Page-308), Building Maintenance (Page-320), Materials (Page-349), Building Laws (Page-365).
650 _aHouse construction
942 _2ddc
_cBK
999 _c183749
_d183749